Home Print Resources E-Books E-Journals IIMT Lecture Series Library Membership Form Book Recommendation Form Campus Tour Take AdmissionAbout Us Contact Us

ORGANIC CHEMISTRY (Record no. 35954)

000 -LEADER
fixed length control field 00351nam a22001577a 4500
003 - CONTROL NUMBER IDENTIFIER
control field OSt
005 - DATE AND TIME OF LATEST TRANSACTION
control field 20240322150341.0
008 - FIXED-LENGTH DATA ELEMENTS--GENERAL INFORMATION
fixed length control field 170725b xxu||||| |||| 00| 0 eng d
020 ## - INTERNATIONAL STANDARD BOOK NUMBER
International Standard Book Number 978-8177585421
040 ## - CATALOGING SOURCE
Transcribing agency SEROSOFT
100 ## - MAIN ENTRY--PERSONAL NAME
Personal name FINAR,I.L.
245 ## - TITLE STATEMENT
Title ORGANIC CHEMISTRY
260 ## - PUBLICATION, DISTRIBUTION, ETC.
Place of publication, distribution, etc. DELHI
Name of publisher, distributor, etc. PEARSON
Date of publication, distribution, etc. 2007
300 ## - PHYSICAL DESCRIPTION
Extent 962
942 ## - ADDED ENTRY ELEMENTS (KOHA)
Source of classification or shelving scheme
Koha item type General Book
Holdings
Withdrawn status Lost status Source of classification or shelving scheme Damaged status Not for loan Home library Current library Date acquired Source of acquisition Coded location qualifier Total Checkouts Full call number Barcode Date last seen Date last checked out Uniform Resource Identifier Price effective from Koha item type
          IIMT University Central Library Meerut IIMT University Central Library Meerut 07/25/2017 127 ENGG. COLLEGE APPLIED SC 1 547.0077 FIN 01-B-121756 01/23/2020 10/31/2019 CEMISTRY 07/25/2017 Book Bank
          IIMT University Central Library Meerut IIMT University Central Library Meerut 07/25/2017 127 ENGG. COLLEGE APPLIED SC   547.0077 FIN 01-B-121757 07/25/2017   CEMISTRY 07/25/2017 Book Bank
          IIMT University Central Library Meerut IIMT University Central Library Meerut 07/25/2017 127 ENGG. COLLEGE APPLIED SC   547.0077 FIN 01-B-121758 07/25/2017   CEMISTRY 07/25/2017 Book Bank
IIMT, Central Library. All Rights Reserved IIMT,UNIVERSITY © 2023
Implemented and Customised by I CLOUDE EMS
You Are OPAC Visitor No
free web counter

Powered by Koha